01175nam a2200193Ia 4500001001100000003001000011008004100021040002500062041001300087100002600100245008900126250001100215260007200226300001200298500026000310501011400570520026000684650003700944L100-51433IT-CnALBA170116s9999||||xx |||||||||||||| ||und|| aIT-CnALBAcIT-CnALBA aITALIANO aMATTAI GIUSEPPE, SAC. 0aDALL'ETICA GENERALE ALL'ETICA PROFESSIONALE. UN PERCORSO NEI SENTIERI DELLA MORALE.  a1a ed. a FIRENZEbZENIT ED. c1999 [1° Ed.:1999 - Ed.Ling.Originale: 1999] a170 p.  aDALL'ETHOS ALL'ETICA. LA COSCIENZA MORALE. BENI E VALORI, LEGGI E NORME. FONDAMENTO DELLE NORME ETICHE. ETICA GENERALE E SPECIALE. ETICA SOCIALE. SITUAZIONI. RADICI ALBERO, FONDAZIONE ETICA SOCIALE. HUMUS CULTURALE E PRINCIPI. ARTICOLAZIONI. SFIDE E RISPO aSocietà San Paolo EM - Piazza San Paolo, 14 - 12051 ALBA (CN) (non commercial uses only) ® Copyright 2017 aDALL'ETHOS ALL'ETICA. LA COSCIENZA MORALE. BENI E VALORI, LEGGI E NORME. FONDAMENTO DELLE NORME ETICHE. ETICA GENERALE E SPECIALE. ETICA SOCIALE. SITUAZIONI. RADICI ALBERO, FONDAZIONE ETICA SOCIALE. HUMUS CULTURALE E PRINCIPI. ARTICOLAZIONI. SFIDE E RISPO aFILOSOFIA E DISCIPLINE COLLEGATE